| 000 | 01326naa a22003497a 4500 | ||
|---|---|---|---|
| 001 | BR8707816 | ||
| 003 | BR-BrBNA | ||
| 005 | 20240918175909.0 | ||
| 007 | ta | ||
| 008 | 230509b bl.||||| |||| 00| 0 por d | ||
| 040 |
_aBR-BrBNA _bpor _cBiblioteca Nacional de Agricultura |
||
| 041 | _a(Pt) | ||
| 072 |
_aK50; N20 _b8911 _b8912 _b8919 _b4650 |
||
| 090 | _aK50 BR8707816 | ||
| 100 | 1 | _aFuentes, E.F. | |
| 111 | 1 |
_a18. Congresso Anual de Celulose e Papel _cSao Paulo, SP (Brazil) _d18-22 Nov 1985 |
|
| 245 | 1 | _aRecuperacao de fibras com a utilizacao de peneiras estaticas pressurizadas | |
| 246 | 1 | _a[The use of bolters in pulp recuperation] | |
| 246 | 1 | _a[Technical works of the 18. Annual Congress of Cellulose and Paper] | |
| 260 | 3 |
_aSao Paulo, SP (Brasil): _c1985. |
|
| 500 | _aTrabalhos tecnicos do 18. Congresso Anual de Celulose e Papel Sao Paulo, SP (Brasil): 1985. v. 1 p. 341-654 (BR8707816-AM)K50 | ||
| 650 | _aINDUSTRIA AGRICOLA | ||
| 650 | _aPAPEL | ||
| 650 | _aCELULOSE | ||
| 650 | _aMATERIA PRIMA VEGETAL | ||
| 650 | _aFIBRA VEGETAL | ||
| 650 | _aTRATAMENTO | ||
| 650 | _aEQUIPAMENTO | ||
| 773 | 0 |
_tTrabalhos tecnicos do 18. Congresso Anual de Celulose e Papel _wK50 BR8707816 _gSao Paulo, SP (Brasil), 1985. v. 1 p. 341-654 |
|
| 909 |
_a202404 _bLucia _c55 _dLucia Elande |
||
| 942 |
_cAM _2AGRIS |
||
| 999 |
_c318660 _d318660 |
||